[Event "FRA-ch U18"]
[Site "Gonfreville"]
[Date "2016.??.??"]
[Round "6"]
[White "Jrade, Willis"]
[Black "Collinet, Nicolas"]
[Result "1-0"]
[WhiteElo "2235"]
[BlackElo "1856"]
[PlyCount "57"]
[EventDate "2016.04.22"]
[EventType "swiss"]
[EventRounds "9"]
[EventCountry "FRA"]
[SourceTitle "EXT 2019"]
[Source "ChessBase"]
[SourceDate "2018.10.10"]
[SourceVersion "1"]
[SourceVersionDate "2018.10.10"]
[SourceQuality "1"]

1. e4 e5 2. Nf3 Nc6 3. Bb5 a6 4. Ba4 Nf6 5. 0-0 b5 6. Bb3 Be7 7. Re1 0-0 8. d4 exd4 9. e5 Ne8 10. Bd5 Bb7 11. Nxd4 Na5 12. Nc3 Bxd5 13. Nxd5 c6 14. Nxe7+ Qxe7 15. Qg4 f6 16. Nf5 Qe6 17. Bd2 h5 18. Nh6+ Kh7 19. Qxe6 dxe6 20. Bxa5 Kxh6 21. exf6 Rxf6 22. Rad1 e5 23. Rxe5 Nd6 24. Bd2+ Kg6 25. Rg5+ Kf7 26. Bc3 Rh6 27. Rxg7+ Ke6 28. Bd2 Rf6 29. Bg5 1-0

[Event "Pays de Loire-chT"]
[Site "Cholet"]
[Date "2009.??.??"]
[Round "2"]
[White "Beaulieu, Michel"]
[Black "Collinet, Nicolas"]
[Result "1-0"]
[WhiteElo "1692"]
[BlackElo "1489"]
[PlyCount "65"]
[EventDate "2009.06.??"]
[EventType "team-tourn"]
[EventRounds "6"]
[EventCountry "FRA"]
[SourceTitle "EXT 2010"]
[Source "ChessBase"]
[SourceDate "2010.11.25"]
[SourceVersion "1"]
[SourceVersionDate "2010.11.25"]
[SourceQuality "1"]

1. e4 e5 2. Nf3 Nc6 3. Bb5 a6 4. Ba4 Nf6 5. 0-0 Bc5 6. Nxe5 b5 7. Nxc6 dxc6 8. Bb3 0-0 9. d3 a5 10. a4 Bg4 11. Qe1 Re8 12. Kh1 Qd4 13. f3 Be6 14. Bxe6 Rxe6 15. Nc3 b4 16. Ne2 Qd7 17. Nf4 Re7 18. Be3 Qd6 19. Bxc5 Qxc5 20. Qf2 Qg5 21. Ne2 Rae8 22. f4 Qh5 23. Ng3 Qh4 24. Nf5 Qxf2 25. Nxe7+ Rxe7 26. Rxf2 Ng4 27. Re2 Nf6 28. e5 h6 29. Rae1 Nd5 30. e6 f6 31. f5 Nf4 32. Re4 Nd5 33. Rc4 1-0